000 00754nam a22002657a 4500
001 0010204
003 KOHA_MİRAKIL
005 20260207001736.0
007 ta
008 091104b1995 tu |||gr||||#||||0|tur |
040 _aTR-BiSEU
_btur
_cTR-BiSEU
_erda
041 0 _atur
044 _ctu
050 _aT353
_b.T85 1995
100 1 _aTürkdemir, Kemal.
245 1 _aTeknik resim: Ders notları/
_cKemal Türkdemir ; Kemal Türkdemir.
264 1 _a[y.y.] :
_bMühendislik Fakültesi Basımevi
_c1995
300 _a363 sayfa
336 _ametin
_btxt
_2rdacontent
337 _aaracısız
_bn
_2rdamedia
338 _acilt
_bnc
_2rdacarrier
650 0 _aTechnical illustration.
_91796
650 0 _aTeknik resim.
_91795
942 _2lcc
_cBK
999 _c10176
_d10176